000 00352nam a22001457a 4500
003 MACL
005 20170824123456.0
008 170824b xxu||||| |||| 00| 0 eng d
040 _cMACL
100 _aHussain,M.A.Mohammad
_968791
245 _aT.Janakiraman
260 _aDelhi
_bSahitya Akademi
_c2013
650 _aLiterature
_968792
942 _2ddc
_cBK
999 _c56893
_d56893